Sāmānya Aṅgrezī-Hindī śabdakośa. (Record no. 61017)

MARC details
000 -LEADER
fixed length control field 00552cam a22002171 4500
001 - CONTROL NUMBER
control field sa 64008754
003 - CONTROL NUMBER IDENTIFIER
control field DLC
005 - DATE AND TIME OF LATEST TRANSACTION
control field 20260227112056.0
008 - FIXED-LENGTH DATA ELEMENTS--GENERAL INFORMATION
fixed length control field 900111s1964 ii d 000 0 engo
010 ## - LIBRARY OF CONGRESS CONTROL NUMBER
LC control number sa 64008754
035 ## - SYSTEM CONTROL NUMBER
System control number (OCoLC)20876510
040 ## - CATALOGING SOURCE
Original cataloging agency DLC
Transcribing agency WaU
Modifying agency DLC
041 0# - LANGUAGE CODE
Language code of text/sound track or separate title enghin
042 ## - AUTHENTICATION CODE
Authentication code premarc
050 00 - LIBRARY OF CONGRESS CALL NUMBER
Classification number PK1936
Item number .S53
100 1# - MAIN ENTRY--PERSONAL NAME
Personal name Singh, Ram Murti,
Dates associated with a name 1913-
245 10 - TITLE STATEMENT
Title Sāmānya Aṅgrezī-Hindī śabdakośa.
260 ## - PUBLICATION, DISTRIBUTION, ETC.
Date of publication, distribution, etc. [1964]
300 ## - PHYSICAL DESCRIPTION
Extent 368 p.
Dimensions 23 cm.
650 #0 - SUBJECT ADDED ENTRY--TOPICAL TERM
Topical term or geographic name entry element English language
General subdivision Dictionaries
-- Hindi.

No items available.

Powered by Koha